PRADESHIK(HINDI) RASHTRA VADASYA SHALYA CHIKITSA (Record no. 356995)

MARC details
000 -LEADER
fixed length control field 004650000a22001810004500
005 - DATE AND TIME OF LATEST TRANSACTION
control field 20120302062534.0
040 ## - CATALOGING SOURCE
Original cataloging agency SAN
100 ## - MAIN ENTRY--PERSONAL NAME
Personal name DEGWEKAR,MA.PA.
245 ## - TITLE STATEMENT
Title PRADESHIK(HINDI) RASHTRA VADASYA SHALYA CHIKITSA
260 ## - PUBLICATION, DISTRIBUTION, ETC. (IMPRINT)
Place of publication, distribution, etc PUNE:HERAMBA PRAKASHAN,2001
300 ## - PHYSICAL DESCRIPTION
Extent 54 P.
365 ## - TRADE PRICE
Price amount RS.20/-
490 ## - SERIES STATEMENT
Series statement SANSKRUT GADYA SAURABHA GRANTHA MALA
650 ## - SUBJECT ADDED ENTRY--TOPICAL TERM
Topical term or geographic name as entry element BHARAT
650 ## - SUBJECT ADDED ENTRY--TOPICAL TERM
Topical term or geographic name as entry element PRADESHIK RASHTRA VAAD
650 ## - SUBJECT ADDED ENTRY--TOPICAL TERM
Topical term or geographic name as entry element BRITISH KUTNITI
942 ## - ADDED ENTRY ELEMENTS (KOHA)
Koha item type Book
Holdings
Withdrawn status Lost status Damaged status Not for loan Home library Current library Date acquired Total Checkouts Barcode Date last seen Price effective from
        Institute For Oriental Study, Thane Institute For Oriental Study, Thane 12/02/2009   IOS-18054 12/02/2009 12/02/2009